10 najlepszych belgijskich zespołów w tabeli wszechczasów - Statystyki

Ogólne statystyki
  • Ten quiz został rozwiązany 28 razy
  • Średni wynik to 6 z 10
Statystyki odpowiedzi
L.P Odpowiedź Punkty % Poprawnych
1. RSC Anderlecht 4499
100%
4. KAA Gent 2813
85%
5. KRC Genk 2353
85%
2. Club Brugge 4332
81%
3. Standard Liège 3797
81%
6. Royal Antwerp 2346
56%
7. Charleroi SC 2213
48%
10. KSC Lokeren 1983
30%
9. KV Mechelen 2100
19%
8. Lierse SK 2159
19%
Nie znaleziono quizów pasujących do podanych kryteriów
Rozkład punktacji
Procent ludzi z każdym wynikiem
Percentyl według liczby udzielonych odpowiedzi
Twoja historia wyników
Nie rozwiązałeś tego quizu